Meẏedera kāche. (Record no. 61045)

MARC details
000 -LEADER
fixed length control field 00555cam a22002291 4500
001 - CONTROL NUMBER
control field sa 64008793
003 - CONTROL NUMBER IDENTIFIER
control field DLC
005 - DATE AND TIME OF LATEST TRANSACTION
control field 20260227112056.0
008 - FIXED-LENGTH DATA ELEMENTS--GENERAL INFORMATION
fixed length control field 941128s1963 ii 000 0 beno
010 ## - LIBRARY OF CONGRESS CONTROL NUMBER
LC control number sa 64008793
025 ## - OVERSEAS ACQUISITION NUMBER
Overseas acquisition number PL480:EP-B-681
035 ## - SYSTEM CONTROL NUMBER
System control number (OCoLC)31523623
040 ## - CATALOGING SOURCE
Original cataloging agency DLC
Transcribing agency CU
Modifying agency CU
-- DLC
050 00 - LIBRARY OF CONGRESS CALL NUMBER
Classification number HQ46
Item number .A5
100 1# - MAIN ENTRY--PERSONAL NAME
Personal name Alam, Morshed.
245 10 - TITLE STATEMENT
Title Meẏedera kāche.
260 ## - PUBLICATION, DISTRIBUTION, ETC.
Date of publication, distribution, etc. [1963]
300 ## - PHYSICAL DESCRIPTION
Extent 4, 96 p.
Dimensions 19 cm.
500 ## - GENERAL NOTE
General note In Bengali.
650 #0 - SUBJECT ADDED ENTRY--TOPICAL TERM
Topical term or geographic name entry element Sex instruction.
650 #0 - SUBJECT ADDED ENTRY--TOPICAL TERM
Topical term or geographic name entry element Women
General subdivision Health and hygiene.

No items available.

Powered by Koha